| 000 | 00813cam a22002413a 4500 | ||
|---|---|---|---|
| 001 | 3318 | ||
| 003 | PGUSA | ||
| 005 | 20140828083030.0 | ||
| 008 | 020701s2002||||xxu|||||s|||||000 e eng d | ||
| 040 |
_aPGUSA _beng |
||
| 042 | _adc | ||
| 050 | 4 | _aPR | |
| 100 | 1 |
_aAddison, Joseph, _d1672-1719 |
|
| 245 | 1 | 0 |
_aDays with Sir Roger De Coverley _h[electronic resource] / _cJoseph Addison |
| 260 |
_bProject Gutenberg, _c2002 |
||
| 505 | 0 | _aSir Roger's family -- Mr. William Wimble -- The picture gallery -- A country Sunday -- The widow -- The chase -- The county assizes -- The Spectator's return to town. | |
| 506 | _aPublic domain in the USA. | ||
| 516 | _aElectronic text | ||
| 653 | _aEnglish essays | ||
| 830 | 0 |
_aProject Gutenberg _v3318 |
|
| 856 | 4 | 0 | _uhttp://www.gutenberg.org/ebooks/3318 |
| 942 | _cEB | ||
| 999 |
_c232647 _d232647 |
||